Zoología

সংরক্ষণ করুন:
গ্রন্থ-পঞ্জীর বিবরন
প্রধান লেখক: Tola, José (Author)
বিন্যাস: গ্রন্থ
ভাষা:স্প্যানিশ
প্রকাশিত: Barcelona Bibliográfica internacional 1996
সংস্করন:1a. ed
বিষয়গুলি:
ট্যাগগুলো: ট্যাগ যুক্ত করুন
কোনো ট্যাগ নেই, প্রথমজন হিসাবে ট্যাগ করুন!

MARC

LEADER 00000nam a2200000 a 4500
001 UCH6768
003 CL-VaPUC
008 091109e19960000SP |||||||||||||||||spa|d
020 |a 9567240345 
082 0 4 |a 591  |b TOL  |2 21 
100 0 |a Tola, José  |e author  |9 543362 
245 1 0 |a Zoología 
250 |a 1a. ed 
300 |a 94 p 
942 |c BK 
945 |d 20091109 00:00:00  |a ccalabra 
260 |a Barcelona  |b Bibliográfica internacional  |c 1996 
650 0 |a Educación  |9 258661 
650 0 |a Ciencias naturales  |9 260542 
650 7 |a MORFOLOGIA DE LOS ANIMALES  |2 CL-VaPUC  |9 543363 
650 0 |a Anatomía de los animales   |9 543364 
650 0 |a Animales   |9 269820 
650 7 |a ECOLOGIA ANIMAL  |2 CL-VaPUC  |9 543365 
650 0 |a Aves  |9 262192 
650 7 |a METABOLISMO ANIMAL  |2 CL-VaPUC  |9 372835 
583 |a last modification  |c 20091109 00:00:00  |k Rodrigo Vera 
999 |c 337594  |d 337592